00484nam a2200157Ia 4500001001000000003000500010008004100015010001100056040000900067082001900076100002100095245012300116260004600239300001100285650003000296Para_2487CHAP220125s1985 xx 000 0 und d a201059 cCHAP aPA 574.193 F47 aFerrone, Soldano aHandbook of monoclonal antibodies :b applications in biology and medicine /c by Soldano Ferrone, Manfred P. Dierich aPark Ridge, N. J. :b Noyes Publications a477 p. aAntígenos y anticuerpos